Arrested Development Quotes Quiz Stats

Quiz Updated Mar 6, 2012

Challenge
Share
Tweet
Embed
Score 0/32 Timer 05:00
1 Play Today
Quote Missing Word % Correct
'Okay, Lindsay, are you forgetting that I was a professional twice over - an analyst and a therapist. The world's first ________.'analrapist
88.8%
'I'm half machine. I'm a ________!'monster
83%
'Yeah, like I'm going to take a whiz through this $5,000 ________. Come on.'suit
75.7%
'Whoa, whoa, whoa. There's still plenty of meat on that bone. Now you take this home, throw it in a pot, add some broth, a potato. Baby, you've got a ________ going.'stew
71.7%
'And that's why you always leave a ________.'note
69.6%
'Lord, let Buster forget everything. And if you need to take another ________ to make that happen, please make it Gob's.'hand
68.5%
'If I didn't have a live ________ in my pants right now, I'd leap across the table and...'dove
61.9%
'Tobias was a never ________, which is exactly what it sounds like.'nude
61%
'There's unlimited ________? This party is gonna be off the hook.'juice
59.9%
'They're adults. They're allowed to have fun whenever they want. We're kids, we're supposed to ________.'work
49.5%
'You must teach me, George Michael. You must teach me the ways of the ________ flesh.'secular
48.9%
'Oh, I've been in the film business for a while, but I just can't seem to get one in the ________.' can
48.6%
'I know what an erection feels like, Michael. No, it's the opposite - it's like my heart is getting ________.'hard
47.9%
'I'll be in the hospital ________.'bar
44.7%
'I'll just throw on a skirt, take off my ________ and make your Pop-Pop proud.'underwear
42.8%
''The Ocean ________.' Holy crap, that's gonna look good on a hat! 'Walker
42%
Quote Missing Word % Correct
'Ah, yes. The 'Bob Loblaw Law Blog'. You, sir, are a ________.'mouthful
41%
'Oh sure, Lindsay. You're a much better parent - no borders, no limits, oh go ahead, touch the ________...'Cornballer
39.1%
'Excuse me, do these effectively hide my ________?'thunder
38.6%
'Don't leave your uncle ________ hanging.'T-Bag
36.7%
'Hey, I could've sworn I just saw Dad... Or not. I think hallucinations are a side effect of ________.'Teamocil
35.7%
'I'm sure ________ is a great person.' Egg
34.6%
'I really wish they were ________.' balls
34.5%
'Franklin said some things ________ wasn't ready to hear.'whitey
30.5%
'George Michael did not just get to second base with Maeby, he dove in head first. Like ________.'Pete Rose
30.1%
'I'm an ideas man Michael. I think I proved that with 'F*** ________'.' Mountain
25.9%
'But we do not - not wag our ________ at one another to make a point.'genitals
25.9%
'If this guy's straight, then I'm ________.' sober
23.3%
'Say what you want about America, thirteen bucks still gets you a hell of a lot of ________!'mice
23.1%
'No mother, I can ________ myself. You've interfered for the last time.'blow
20.9%
'They were not making fun of ________. This cannot be stressed enough.'Andy Griffith
20.9%
'I'm a failure. I can't even fake the death of a ________.'stripper
16.8%

You're not logged in!

Compare scores with friends on all Sporcle quizzes.
Sign Up with Email
OR
Log In

You Might Also Like...

Show Comments

Extras

Top Quizzes Today


Score Distribution

Your Account Isn't Verified!

In order to create a playlist on Sporcle, you need to verify the email address you used during registration. Go to your Sporcle Settings to finish the process.